[Event "10. HIT Open 2005 - A"]
[Site "Nova Gorica SLO"]
[Date "2005.02.01"]
[Round "7.23"]
[White "Astengo, Marcello"]
[Black "Stantic, Severino"]
[Result "0-1"]
[WhiteElo "2074"]
[BlackElo "2096"]
[PlyCount "90"]
[EventDate "2005.01.28"]
[EventType "swiss"]
[EventRounds "9"]
[EventCountry "SLO"]
[Source "lmi"]
[SourceDate "2005.02.03"]

1. d4 d5 2. c4 e6 3. Nc3 Nf6 4. cxd5 exd5 5. Bg5 Be7 6. e3 O-O 7. Qc2 b6 8. Nf3
c5 9. Be2 Be6 10. O-O Nc6 11. Rad1 Nd7 12. Bf4 g5 13. Bg3 g4 14. Ne5 Ndxe5 15.
dxe5 Qd7 16. Qa4 Rfd8 17. Bb5 Rac8 18. Nxd5 Bxd5 19. e4 Bb3 20. Qxb3 Qe6 21.
Bc4 Qg6 22. e6 f6 23. Rd7 Kf8 24. Bd5 Nd4 25. Qd3 Rxd7 26. exd7 Rd8 27. Qa6
Rxd7 28. Qc8+ Qe8 29. Qa6 Qg6 30. Rd1 f5 31. Qc8+ Rd8 32. Qb7 fxe4 33. Kf1 e3
34. Re1 Qd3+ 35. Kg1 Ne2+ 36. Kh1 Qxd5 37. Qxa7 Nxg3+ 38. hxg3 Qh5+ 39. Kg1
exf2+ 40. Kxf2 Qf7+ 41. Kg1 Rd6 42. Qa8+ Kg7 43. Qe4 Bf6 44. Qxg4+ Qg6 45. Qc8
Bd4+ 0-1

[Event "10. HIT Open 2005 - A"]
[Site "Nova Gorica SLO"]
[Date "2005.02.01"]
[Round "7.24"]
[White "Cherin, Diego"]
[Black "Spelec, Darko"]
[Result "1-0"]
[WhiteElo "2272"]
[BlackElo "2078"]
[PlyCount "66"]
[EventDate "2005.01.28"]
[EventType "swiss"]
[EventRounds "9"]
[EventCountry "SLO"]
[Source "lmi"]
[SourceDate "2005.02.03"]

1. e4 e5 2. Nf3 Nc6 3. Bc4 Nf6 4. Ng5 d5 5. exd5 Na5 6. Bb5+ c6 7. dxc6 bxc6 8.
Be2 h6 9. Nf3 e4 10. Ne5 Qd4 11. Ng4 Bxg4 12. Bxg4 e3 13. Bf3 exf2+ 14. Kf1
O-O-O 15. Qe2 Qb6 16. c3 c5 17. b3 Nc6 18. Na3 Re8 19. Qxf2 Ne5 20. Nc4 Nxc4
21. bxc4 Bd6 22. d4 cxd4 23. cxd4 Bb4 24. Bf4 Bc3 25. Rd1 Qb4 26. g3 Ne4 27.
Qc2 f5 28. Kg2 Qxc4 29. Rd3 Kd7 30. Bxe4 Rxe4 31. Qxc3 Re2+ 32. Kh3 Qxc3 33.
Rxc3 g5 1-0

[Event "10. HIT Open 2005 - A"]
[Site "Nova Gorica SLO"]
[Date "2005.02.02"]
[Round "8.1"]
[White "Kozul, Zdenko"]
[Black "Delchev, Aleksander"]
[Result "1-0"]
[WhiteElo "2595"]
[BlackElo "2597"]
[PlyCount "87"]
[EventDate "2005.01.28"]
[EventType "swiss"]
[EventRounds "9"]
[EventCountry "SLO"]
[Source "lmi"]
[SourceDate "2005.02.03"]

1. d4 Nf6 2. c4 e6 3. Nf3 d5 4. g3 dxc4 5. Bg2 Bb4+ 6. Nc3 Nc6 7. O-O O-O 8.
Bg5 h6 9. Bxf6 Qxf6 10. e3 Rb8 11. Nd2 Na5 12. Qh5 b6 13. Rac1 c5 14. dxc5 Bxc5
15. Nde4 Qe7 16. g4 f5 17. gxf5 Rxf5 18. Qh3 Bb7 19. Ne2 Qf7 20. N2g3 Re5 21.
Kh1 Qg6 22. Nc3 Bxg2+ 23. Qxg2 b5 24. Rg1 b4 25. Nce2 Bf8 26. Qh3 Qf7 27. Rg2
Rd8 28. Nd4 Rd6 29. Qg4 Qb7 30. h4 Rb6 31. Kh2 Qf7 32. Kh3 Rd5 33. Ne4 Nc6 34.
Qxe6 Qxe6+ 35. Nxe6 Kf7 36. Nxf8 Kxf8 37. Rxc4 Ra5 38. Rg6 b3 39. axb3 Ne7 40.
Rxb6 axb6 41. Rd4 Ra2 42. Rd6 b5 43. Rb6 Rxb2 44. Rxb5 1-0

[Event "10. HIT Open 2005 - A"]
[Site "Nova Gorica SLO"]
[Date "2005.02.02"]
[Round "8.3"]
[White "Godena, Michele"]
[Black "Nevednichy, Vladislav"]
[Result "1/2-1/2"]
[WhiteElo "2544"]
[BlackElo "2559"]
[PlyCount "27"]
[EventDate "2005.01.28"]
[EventType "swiss"]
[EventRounds "9"]
[EventCountry "SLO"]
[Source "lmi"]
[SourceDate "2005.02.03"]

1. e4 c5 2. c3 d5 3. exd5 Qxd5 4. d4 Nf6 5. Nf3 Bg4 6. Be2 e6 7. h3 Bh5 8. O-O
Nc6 9. Be3 cxd4 10. Nxd4 Bxe2 11. Qxe2 Be7 12. Rd1 O-O 13. Nd2 Rfd8 14. Nb1
1/2-1/2

[Event "10. HIT Open 2005 - A"]
[Site "Nova Gorica SLO"]
[Date "2005.02.02"]
[Round "8.4"]
[White "Saric, Ante"]
[Black "Markus, Robert"]
[Result "1/2-1/2"]
[WhiteElo "2447"]
[BlackElo "2584"]
[PlyCount "106"]
[EventDate "2005.01.28"]
[EventType "swiss"]
[EventRounds "9"]
[EventCountry "SLO"]
[Source "lmi"]
[SourceDate "2005.02.03"]

1. g3 Nf6 2. Bg2 e6 3. c4 c5 4. Nc3 d5 5. Qb3 Nc6 6. cxd5 Nd4 7. Qa4+ b5 8. Qd1
exd5 9. e3 Nc6 10. Nf3 b4 11. Ne2 Bd6 12. b3 O-O 13. O-O Qe7 14. a3 Ba6 15.
axb4 Nxb4 16. d4 Bd3 17. dxc5 Bxc5 18. Ne1 Bb5 19. Ba3 a5 20. h3 Ne4 21. Bxb4
axb4 22. Rxa8 Rxa8 23. Nd3 Ra2 24. Bxe4 dxe4 25. Nxc5 Bxe2 26. Qb1 Ra5 27. Nxe4
Bxf1 28. Kxf1 Qe6 29. h4 f5 30. Nd2 Qe5 31. Qd3 h6 32. Nf3 Qd5 33. Qxd5+ Rxd5
34. Nd4 Rc5 35. Ke2 Kf7 36. Kd2 Rc3 37. Nb5 Rc5 38. Nd4 Kf6 39. Nc2 Ke5 40.
Nxb4 Ke4 41. Ke2 Rc8 42. f3+ Ke5 43. Nd3+ Kd5 44. Nf4+ Kd6 45. Kd2 g5 46. hxg5
hxg5 47. Nh3 Rg8 48. Nf2 Ra8 49. Nh3 Ra2+ 50. Ke1 Rg2 51. Kf1 Rb2 52. Nxg5 Rxb3
53. e4 fxe4 1/2-1/2

[Event "10. HIT Open 2005 - A"]
[Site "Nova Gorica SLO"]
[Date "2005.02.02"]
[Round "8.5"]
[White "Miezis, Normunds"]
[Black "Borisek, Jure"]
[Result "1-0"]
[WhiteElo "2547"]
[BlackElo "2489"]
[PlyCount "91"]
[EventDate "2005.01.28"]
[EventType "swiss"]
[EventRounds "9"]
[EventCountry "SLO"]
[Source "lmi"]
[SourceDate "2005.02.03"]

1. c4 e5 2. Nc3 Bb4 3. g3 Bxc3 4. dxc3 d6 5. e4 Nc6 6. Nf3 f5 7. exf5 Bxf5 8.
Nh4 Be6 9. Qh5+ g6 10. Qe2 Nf6 11. Bg2 Qd7 12. Nf3 Bh3 13. Bxh3 Qxh3 14. Bg5
O-O 15. Bxf6 Rxf6 16. Ng5 Qg2 17. Qf1 Qxf1+ 18. Rxf1 b6 19. Ne4 Rf7 20. Ke2 a5
21. b3 Nd8 22. a3 Ne6 23. b4 Rff8 24. Rfd1 Kf7 25. Ke3 Ke7 26. h4 h6 27. Rg1 c6
28. Rgd1 Rfd8 29. Nd2 d5 30. cxd5 cxd5 31. c4 Nd4 32. Rdc1 axb4 33. cxd5 Rxa3+
34. Ke4 Rda8 35. Rab1 Ne2 36. Re1 Nc3+ 37. Kxe5 Nxb1 38. Rxb1 Rd3 39. Nc4 b5
40. Nd6 b3 41. Nxb5 Ra4 42. Rc1 b2 43. Rc7+ Kd8 44. Rb7 Rxd5+ 45. Kxd5 Ra5 46.
Ke6 1-0

[Event "10. HIT Open 2005 - A"]
[Site "Nova Gorica SLO"]
[Date "2005.02.02"]
[Round "8.7"]
[White "Ushenina, Anna"]
[Black "Burmakin, Vladimir"]
[Result "0-1"]
[WhiteElo "2357"]
[BlackElo "2554"]
[PlyCount "138"]
[EventDate "2005.01.28"]
[EventType "swiss"]
[EventRounds "9"]
[EventCountry "SLO"]
[Source "lmi"]
[SourceDate "2005.02.03"]

1. d4 c6 2. c4 Nf6 3. Nf3 d5 4. e3 g6 5. Bd3 Bg7 6. O-O O-O 7. Qc2 Nbd7 8. Nc3
dxc4 9. Bxc4 c5 10. Rd1 cxd4 11. Nxd4 a6 12. Be2 Qc7 13. b4 Nb6 14. Bb2 e5 15.
Nf3 Bf5 16. Qb3 Be6 17. Qc2 Nfd5 18. a3 Rac8 19. Rac1 Nxc3 20. Qxc3 Qxc3 21.
Bxc3 Na4 22. Ba1 f6 23. Kf1 Bb3 24. Re1 Rfd8 25. Rxc8 Rxc8 26. Nd2 Be6 27. Bd3
Kf7 28. h3 Rc7 29. f4 Rd7 30. Ke2 exf4 31. exf4 Bh6 32. Ne4 Bf5 33. Bc4+ Kf8
34. Nxf6 Re7+ 35. Kf2 Rxe1 36. Nxh7+ Ke7 37. Kxe1 Bxf4 38. Bd5 b5 39. Bb7 Bc1
40. Bxa6 Bd7 41. Kf2 Bxa3 42. Bg7 Bc6 43. Bc8 Kf7 44. Be5 Bxb4 45. Ng5+ Ke7 46.
h4 Bc3 47. Bxc3 Nxc3 48. Be6 Ne4+ 49. Nxe4 Kxe6 50. Nd2 Kf5 51. Nb3 Kg4 52. Nd4
Bd7 53. Nf3 Kf4 54. g3+ Ke4 55. Nd2+ Kd3 56. Nb3 Bg4 57. Na5 b4 58. Nb3 Bd1 59.
Na5 Bg4 60. Nb3 Be6 61. Nc5+ Kc4 62. Ne4 Kd4 63. Nd2 Kd3 64. Ke1 b3 65. g4 b2
66. h5 g5 67. h6 Bg8 68. Kd1 Bh7 69. Ke1 Kd4 0-1

[Event "10. HIT Open 2005 - A"]
[Site "Nova Gorica SLO"]
[Date "2005.02.02"]
[Round "8.12"]
[White "Jaracz, Pawel"]
[Black "Brkic, Ante"]
[Result "1-0"]
[WhiteElo "2532"]
[BlackElo "2458"]
[PlyCount "75"]
[EventDate "2005.01.28"]
[EventType "swiss"]
[EventRounds "9"]
[EventCountry "SLO"]
[Source "lmi"]
[SourceDate "2005.02.03"]

1. Nf3 Nf6 2. c4 g6 3. Nc3 d5 4. Qa4+ Bd7 5. Qb3 dxc4 6. Qxc4 a6 7. g3 Bg7 8.
Bg2 O-O 9. d3 Nc6 10. O-O e5 11. Qh4 Bf5 12. Bh6 Ng4 13. Bxg7 Kxg7 14. Qxd8
Raxd8 15. Rfc1 Bc8 16. Ne4 Nf6 17. Nxf6 Kxf6 18. Kf1 Bd7 19. Nd2 Ke7 20. Nb3
Rb8 21. Rc5 f6 22. Rac1 Rfc8 23. Bxc6 bxc6 24. R5c2 Rb6 25. Na5 Rb5 26. Nxc6+
Bxc6 27. Rxc6 Rxb2 28. Rxa6 c5 29. Rc4 h5 30. f4 Rb4 31. Rxb4 cxb4 32. fxe5
fxe5 33. Rxg6 Rc2 34. Rb6 Rb2 35. Kf2 Kd7 36. h3 Kc7 37. Ra6 Kb7 38. Ra4 1-0

[Event "10. HIT Open 2005 - A"]
[Site "Nova Gorica SLO"]
[Date "2005.02.02"]
[Round "8.14"]
[White "Jovanic, Ognjen"]
[Black "Miletic, Dean"]
[Result "1/2-1/2"]
[WhiteElo "2477"]
[BlackElo "2134"]
[PlyCount "143"]
[EventDate "2005.01.28"]
[EventType "swiss"]
[EventRounds "9"]
[EventCountry "SLO"]
[Source "lmi"]
[SourceDate "2005.02.03"]

1. d4 Nf6 2. c4 g6 3. Nc3 d5 4. e3 Bg7 5. Qb3 c6 6. Nf3 O-O 7. Bd2 Qb6 8. Qa3
Re8 9. cxd5 cxd5 10. Rc1 Nc6 11. Na4 Qd8 12. Bb5 Bd7 13. Nc5 Qb6 14. Nxd7 Nxd7
15. Qb3 e6 16. O-O Rec8 17. Rc2 a6 18. Ba4 Qxb3 19. Bxb3 Na7 20. Rfc1 Rxc2 21.
Rxc2 Rc8 22. Kf1 Bf8 23. Ke2 Bd6 24. Rxc8+ Nxc8 25. h3 Kf8 26. Kd3 Nf6 27. Be1
Na7 28. Ne5 Ke8 29. Ba4+ b5 30. Bd1 Bxe5 31. dxe5 Nd7 32. f4 Nc6 33. b4 Nb6 34.
Bb3 Kd7 35. g4 Nc4 36. Bc3 Nb6 37. h4 Ke7 38. Bc2 Kd7 39. Be1 Nc4 40. Bc3 Nb6
41. Bb3 Ke7 42. Ke2 Kd7 43. h5 Ke7 44. Kd3 Kd7 45. a3 Ke7 46. Bd1 Kd7 47. Bc2
Ke7 48. e4 Kd7 49. Bb3 Ke7 50. h6 Kd7 51. exd5 Nxd5 52. Bd2 Ke7 53. Ke4 f5+ 54.
gxf5 gxf5+ 55. Kd3 Kd7 56. Bd1 Nce7 57. Kd4 Ng8 58. Kc5 Nxh6 59. Bf3 Nc7 60.
Bc6+ Kd8 61. Be1 Nf7 62. Bh4+ Kc8 63. Bf3 Kd7 64. Bc6+ Kc8 65. Be7 Nd8 66. Bf3
Kd7 67. Bh4 Nf7 68. Bg2 Nd8 69. Bf3 Nf7 70. Bc6+ Kc8 71. Bf6 Nd8 72. Bf3
1/2-1/2

[Event "10. HIT Open 2005 - A"]
[Site "Nova Gorica SLO"]
[Date "2005.02.02"]
[Round "8.16"]
[White "Srebrnic, Marko"]
[Black "Jankovic, Alojzije"]
[Result "0-1"]
[WhiteElo "2249"]
[BlackElo "2477"]
[PlyCount "77"]
[EventDate "2005.01.28"]
[EventType "swiss"]
[EventRounds "9"]
[EventCountry "SLO"]
[Source "lmi"]
[SourceDate "2005.02.03"]

1. e4 c5 2. Nf3 Nc6 3. d4 cxd4 4. Nxd4 Nf6 5. Nc3 d6 6. Bc4 Qb6 7. Nde2 e6 8.
O-O Bd7 9. a3 Ne5 10. Ba2 Bc6 11. Ng3 h5 12. h4 Nfg4 13. Nge2 Be7 14. Bg5 Nf6
15. Bxf6 Bxf6 16. Qxd6 Rd8 17. Qb4 Qc7 18. Rad1 a5 19. Rxd8+ Qxd8 20. Qc5 b6
21. Qe3 Ng4 22. Qf3 Bxh4 23. Nf4 Qf6 24. Nd3 Qe7 25. g3 Bg5 26. Nd5 Qd8 27.
N5f4 g6 28. Rd1 Qf6 29. Qe2 Ne5 30. Nd5 Qf3 31. Qxf3 Nxf3+ 32. Kg2 exd5 33.
exd5 Bd7 34. c4 Bg4 35. Ra1 h4 36. gxh4 Rxh4 37. Rh1 Rxh1 38. Kxh1 Bf5 39. Nc1
0-1

[Event "10. HIT Open 2005 - A"]
[Site "Nova Gorica SLO"]
[Date "2005.02.02"]
[Round "8.17"]
[White "Nikolov, Sasho"]
[Black "Skoberne, Jure"]
[Result "1-0"]
[WhiteElo "2431"]
[BlackElo "2248"]
[PlyCount "75"]
[EventDate "2005.01.28"]
[EventType "swiss"]
[EventRounds "9"]
[EventCountry "SLO"]
[Source "lmi"]
[SourceDate "2005.02.03"]

1. d4 g6 2. e4 Bg7 3. Nf3 d6 4. c3 Nf6 5. Bd3 O-O 6. O-O c6 7. Re1 Bg4 8. Nbd2
e5 9. h3 Bxf3 10. Nxf3 Nbd7 11. Qc2 Re8 12. dxe5 dxe5 13. Bf1 a5 14. a4 Bf8 15.
Bc4 Qc7 16. Ng5 Re7 17. Be3 h6 18. Nf3 Ree8 19. Nh4 Kg7 20. Bxh6+ Kxh6 21. Bxf7
Nh7 22. Bxg6 Re6 23. Bf7 Rf6 24. Nf5+ Rxf5 25. exf5 Ndf6 26. Bg6 Bc5 27. Qd2+
Kg7 28. Bxh7 Kxh7 29. Qg5 Qe7 30. Qh4+ Kg8 31. Qg3+ Qg7 32. Qxe5 Nd5 33. c4
Qxe5 34. Rxe5 Nf4 35. Rd1 b6 36. Rd7 Kf8 37. Re4 Nh5 38. Rh4 1-0

[Event "10. HIT Open 2005 - A"]
[Site "Nova Gorica SLO"]
[Date "2005.02.02"]
[Round "8.19"]
[White "Djingarova, Emilia"]
[Black "Stajner, Samo"]
[Result "1-0"]
[WhiteElo "2292"]
[BlackElo "2162"]
[PlyCount "80"]
[EventDate "2005.01.28"]
[EventType "swiss"]
[EventRounds "9"]
[EventCountry "SLO"]
[Source "lmi"]
[SourceDate "2005.02.03"]

1. e4 c5 2. Nf3 d6 3. d4 cxd4 4. Nxd4 Nf6 5. Nc3 a6 6. Qf3 e6 7. g4 Be7 8. g5
Nfd7 9. Rg1 Nc6 10. Nb3 b5 11. Qh3 Nb6 12. a4 b4 13. a5 O-O 14. axb6 bxc3 15.
Qxc3 Qxb6 16. Be3 Qb4 17. Qxb4 Nxb4 18. Kd2 Bb7 19. c3 Nc6 20. f4 Rfd8 21. Bd3
d5 22. e5 g6 23. Ra4 Nb8 24. Rga1 Rd7 25. Nd4 Nc6 26. Nxc6 Bxc6 27. Rxa6 Rxa6
28. Rxa6 Bb7 29. Ra1 Bc6 30. Bd4 Rb7 31. b4 Kg7 32. Ba6 Rb8 33. b5 Bxb5 34. Rb1
Bxa6 35. Rxb8 Bc4 36. Rb7 Ba3 37. Bb6 Bf8 38. Bd8 h5 39. gxh6+ Kxh6 40. Rxf7
Bc5 1-0

[Event "10. HIT Open 2005 - A"]
[Site "Nova Gorica SLO"]
[Date "2005.02.02"]
[Round "8.20"]
[White "Krivec, Jana"]
[Black "Jelen, Igor"]
[Result "0-1"]
[WhiteElo "2284"]
[BlackElo "2346"]
[PlyCount "108"]
[EventDate "2005.01.28"]
[EventType "swiss"]
[EventRounds "9"]
[EventCountry "SLO"]
[Source "lmi"]
[SourceDate "2005.02.03"]

1. e4 c5 2. Nf3 Nc6 3. d4 cxd4 4. Nxd4 Nf6 5. Nc3 e5 6. Ndb5 d6 7. Bg5 a6 8.
Na3 b5 9. Bxf6 gxf6 10. Nd5 f5 11. Bxb5 axb5 12. Nxb5 Qa5+ 13. c3 Qa4 14. Nbc7+
Kd8 15. Nxa8 Qxa8 16. Nb6 Qb7 17. Nxc8 Kxc8 18. O-O fxe4 19. a4 Rg8 20. a5 Na7
21. a6 Qc6 22. Qh5 Qd7 23. Qe2 d5 24. b4 f5 25. Kh1 f4 26. f3 e3 27. Rfd1 Rg6
28. Ra5 Rd6 29. b5 Rb6 30. c4 d4 31. Qd3 Kb8 32. Qe4 Qc7 33. Ra4 Bc5 34. h3 Nc8
35. Ra2 Ka7 36. Rc2 Re6 37. Qd5 Re7 38. Rb2 Nb6 39. Qg8 Qd6 40. Rd3 Qg6 41.
Qxg6 hxg6 42. Kg1 Nd7 43. Kf1 Bb6 44. Ke2 Nc5 45. Rb1 Ba5 46. Rb2 Bc3 47. Ra2
Kb6 48. Rc2 Ra7 49. Ra2 Nd7 50. Rc2 Kc5 51. Rcxc3 dxc3 52. Rxc3 Nb6 53. Kd3
Rd7+ 54. Kc2 e2 0-1

[Event "10. HIT Open 2005 - A"]
[Site "Nova Gorica SLO"]
[Date "2005.02.02"]
[Round "8.22"]
[White "Astengo, Marcello"]
[Black "Srebrnic, Ana"]
[Result "1/2-1/2"]
[WhiteElo "2074"]
[BlackElo "2226"]
[PlyCount "49"]
[EventDate "2005.01.28"]
[EventType "swiss"]
[EventRounds "9"]
[EventCountry "SLO"]
[Source "lmi"]
[SourceDate "2005.02.03"]

1. d4 Nf6 2. c4 g6 3. Nc3 Bg7 4. e4 d6 5. f3 c6 6. Bg5 a6 7. a4 a5 8. Qd2 Qc7
9. Rd1 Na6 10. Bd3 h6 11. Be3 Nb4 12. Bb1 Bd7 13. Nge2 e5 14. O-O O-O-O 15. Nc1
c5 16. dxe5 dxe5 17. Qf2 b6 18. Nd3 Nxd3 19. Rxd3 Bc6 20. Rfd1 Rxd3 21. Rxd3
Rd8 22. Qd2 Rxd3 23. Qxd3 Qd7 24. b3 Qxd3 25. Bxd3 1/2-1/2

[Event "10. HIT Open 2005 - A"]
[Site "Nova Gorica SLO"]
[Date "2005.02.02"]
[Round "8.23"]
[White "Spelec, Darko"]
[Black "Ilic, Ljubomir"]
[Result "1/2-1/2"]
[WhiteElo "2078"]
[BlackElo "2229"]
[PlyCount "90"]
[EventDate "2005.01.28"]
[EventType "swiss"]
[EventRounds "9"]
[EventCountry "SLO"]
[Source "lmi"]
[SourceDate "2005.02.03"]

1. e4 c5 2. Nf3 e6 3. d3 Nc6 4. Nbd2 Nf6 5. g3 d5 6. Bg2 Be7 7. O-O O-O 8. e5
Nd7 9. Re1 Qc7 10. Qe2 b5 11. Nf1 a5 12. h4 Nd4 13. Nxd4 cxd4 14. Bf4 Ba6 15.
Nh2 Rfc8 16. Rec1 b4 17. Bxd5 Bb7 18. Bxb7 Qxb7 19. Nf3 Bc5 20. Ng5 h6 21. Ne4
Nf8 22. Qh5 Nh7 23. Qg4 Kh8 24. Qe2 Be7 25. g4 Qd5 26. g5 f5 27. Nd6 Bxd6 28.
exd6 hxg5 29. hxg5 Ra7 30. Re1 Nf8 31. Qh5+ Kg8 32. g6 Ra6 33. Re2 e5 34. Rxe5
Qxd6 35. Rxf5 Qxg6+ 36. Qxg6 Nxg6 37. Rc1 Rac6 38. Bg3 Rxc2 39. Rxc2 Rxc2 40.
Rxa5 Rxb2 41. Ra4 Ne7 42. Bd6 Nd5 43. Bc5 Rd2 44. Ra8+ Kh7 45. Bxd4 Rxd3
1/2-1/2

[Event "10. HIT Open 2005 - A"]
[Site "Nova Gorica SLO"]
[Date "2005.02.02"]
[Round "8.24"]
[White "Stantic, Severino"]
[Black "De Val, Daniele"]
[Result "0-1"]
[WhiteElo "2096"]
[BlackElo "2144"]
[PlyCount "60"]
[EventDate "2005.01.28"]
[EventType "swiss"]
[EventRounds "9"]
[EventCountry "SLO"]
[Source "lmi"]
[SourceDate "2005.02.03"]

1. c4 f5 2. Nf3 Nf6 3. g3 g6 4. Bg2 Bg7 5. O-O O-O 6. Nc3 d6 7. d3 e5 8. e4 Nc6
9. Nh4 f4 10. Nf3 Nh5 11. Ne2 g5 12. h3 Bf6 13. Kh2 Ne7 14. b4 Ng6 15. Nfg1 Ng7
16. Bb2 h5 17. gxf4 exf4 18. Bxf6 Qxf6 19. d4 g4 20. f3 Qg5 21. Qb3 Nh4 22.
fxg4 hxg4 23. hxg4 Nxg2 24. Kxg2 Bxg4 25. Rf3 Bxf3+ 26. Kxf3 Qh5+ 27. Kf2 Qh2+
28. Kf1 f3 29. c5+ d5 30. Nxf3 Rxf3+ 0-1

[Event "10. HIT Open 2005 - A"]
[Site "Nova Gorica SLO"]
[Date "2005.02.03"]
[Round "9.3"]
[White "Kovacevic, Aleksandar"]
[Black "Godena, Michele"]
[Result "1/2-1/2"]
[WhiteElo "2554"]
[BlackElo "2544"]
[PlyCount "51"]
[EventDate "2005.01.28"]
[EventType "swiss"]
[EventRounds "9"]
[EventCountry "SLO"]
[Source "lmi"]
[SourceDate "2005.02.03"]

1. e4 e5 2. Nf3 Nc6 3. Bb5 a6 4. Ba4 Nf6 5. O-O b5 6. Bb3 Bc5 7. c3 d6 8. d4
Bb6 9. a4 Bb7 10. Bg5 h6 11. Bxf6 Qxf6 12. Bd5 O-O 13. Na3 exd4 14. cxd4 Rfb8
15. Nc2 bxa4 16. Rxa4 Ne7 17. Bxb7 Rxb7 18. Qd3 a5 19. b4 Rba7 20. Rfa1 axb4
21. Rxa7 Rxa7 22. Rxa7 Bxa7 23. Nxb4 c5 24. Qa6 cxb4 25. Qxa7 Qf4 26. Qb8+
1/2-1/2

[Event "10. HIT Open 2005 - A"]
[Site "Nova Gorica SLO"]
[Date "2005.02.03"]
[Round "9.8"]
[White "Jaracz, Pawel"]
[Black "Kuljasevic, Davorin"]
[Result "1/2-1/2"]
[WhiteElo "2532"]
[BlackElo "2401"]
[PlyCount "31"]
[EventDate "2005.01.28"]
[EventType "swiss"]
[EventRounds "9"]
[EventCountry "SLO"]
[Source "lmi"]
[SourceDate "2005.02.03"]

1. e4 c5 2. Nf3 e6 3. d4 cxd4 4. Nxd4 Nf6 5. Nc3 Nc6 6. Nxc6 bxc6 7. e5 Nd5 8.
Ne4 Qc7 9. f4 Qa5+ 10. c3 Be7 11. Bd3 Qb6 12. Qe2 a5 13. a3 Ba6 14. Bxa6 Qxa6
15. Qxa6 Rxa6 16. Ke2 1/2-1/2

[Event "10. HIT Open 2005 - A"]
[Site "Nova Gorica SLO"]
[Date "2005.02.03"]
[Round "9.9"]
[White "Paschall, William M"]
[Black "Borisek, Jure"]
[Result "1/2-1/2"]
[WhiteElo "2403"]
[BlackElo "2489"]
[PlyCount "90"]
[EventDate "2005.01.28"]
[EventType "swiss"]
[EventRounds "9"]
[EventCountry "SLO"]
[Source "lmi"]
[SourceDate "2005.02.03"]

1. c4 e5 2. g3 c6 3. Bg2 d5 4. cxd5 cxd5 5. d4 exd4 6. Nf3 Nc6 7. Nxd4 Be7 8.
Nc3 Nf6 9. O-O O-O 10. Bg5 h6 11. Bf4 Be6 12. Nxe6 fxe6 13. e4 d4 14. e5 dxc3
15. exf6 Bxf6 16. bxc3 Qxd1 17. Rfxd1 Rfd8 18. Rab1 Rxd1+ 19. Rxd1 Rd8 20.
Rxd8+ Nxd8 21. Bc7 Nc6 22. Bxc6 bxc6 23. c4 Kf7 24. Kg2 h5 25. h3 g6 26. Kf3
Bd4 27. Ke2 Ke7 28. f3 Kd7 29. Bf4 e5 30. Bh6 Kd6 31. Kd3 Bb2 32. Bf8+ Ke6 33.
Ke4 Kf7 34. Bh6 a6 35. g4 Kf6 36. Be3 Ba3 37. Bd2 Ke6 38. Bc3 Bd6 39. a4 Bc7
40. c5 Bb8 41. Ba5 Kf6 42. Bd8+ Ke6 43. Bb6 Kf6 44. Bd8+ Ke6 45. Bb6 Kf6
1/2-1/2

[Event "10. HIT Open 2005 - A"]
[Site "Nova Gorica SLO"]
[Date "2005.02.03"]
[Round "9.10"]
[White "Krumpacnik, Domen"]
[Black "Lenic, Luka"]
[Result "0-1"]
[WhiteElo "2364"]
[BlackElo "2450"]
[PlyCount "60"]
[EventDate "2005.01.28"]
[EventType "swiss"]
[EventRounds "9"]
[EventCountry "SLO"]
[Source "lmi"]
[SourceDate "2005.02.03"]

1. d4 Nf6 2. c4 g6 3. Nc3 Bg7 4. e4 O-O 5. f3 d6 6. Be3 c5 7. Nge2 Nc6 8. d5
Ne5 9. Ng3 h5 10. Be2 e6 11. O-O exd5 12. cxd5 a6 13. a4 Re8 14. h3 Nh7 15. f4
Nd7 16. e5 Ndf8 17. Bd3 h4 18. Nge4 dxe5 19. Bxc5 Nd7 20. Ba3 exf4 21. Nd6 Re3
22. Nc4 Rg3 23. Bd6 Ng5 24. Kh2 Nxh3 25. gxh3 Ne5 26. Nxe5 Rxh3+ 27. Kg2 Qg5+
28. Ng4 Bxg4 29. Bxf4 Bf3+ 30. Kf2 Qg2+ 0-1

[Event "10. HIT Open 2005 - A"]
[Site "Nova Gorica SLO"]
[Date "2005.02.03"]
[Round "9.12"]
[White "Jovanic, Ognjen"]
[Black "Ushenina, Anna"]
[Result "1-0"]
[WhiteElo "2477"]
[BlackElo "2357"]
[PlyCount "113"]
[EventDate "2005.01.28"]
[EventType "swiss"]
[EventRounds "9"]
[EventCountry "SLO"]
[Source "lmi"]
[SourceDate "2005.02.03"]

1. d4 c5 2. d5 Nf6 3. c4 g6 4. Nc3 Bg7 5. e4 d6 6. Nf3 O-O 7. h3 Na6 8. Bd3 Nc7
9. O-O a6 10. Re1 e6 11. a4 Rb8 12. a5 exd5 13. exd5 b5 14. axb6 Rxb6 15. Qc2
Nfe8 16. Bg5 f6 17. Bd2 f5 18. Rab1 a5 19. Ne2 a4 20. Nf4 Rb3 21. Ne6 Nxe6 22.
dxe6 Bf6 23. Bc3 Nc7 24. Nd2 Rb8 25. e7 Bxe7 26. Qxa4 Bd7 27. Qc2 Ne6 28. Nf3
Bf6 29. Bf1 Bxc3 30. Qxc3 Qf6 31. Qd2 Rb6 32. b4 cxb4 33. Rxb4 Rxb4 34. Qxb4
Nc5 35. Rd1 Ba4 36. Rd2 g5 37. Qb6 Ne4 38. Rd4 g4 39. hxg4 fxg4 40. Rxe4 gxf3
41. g3 Bd7 42. Rd4 Ra8 43. Rxd6 Qa1 44. Qb3 Bg4 45. Rd1 Qe5 46. c5+ Kh8 47. Rc1
h5 48. Qb6 Be6 49. Qb4 Rb8 50. Qd2 Kg7 51. Re1 Qd5 52. Qc3+ Kg6 53. Re5 Qb3 54.
Qd2 Rh8 55. Qg5+ Kf7 56. Qf4+ Ke7 57. Bc4 1-0

[Event "10. HIT Open 2005 - A"]
[Site "Nova Gorica SLO"]
[Date "2005.02.03"]
[Round "9.15"]
[White "Djingarova, Emilia"]
[Black "Nikolov, Sasho"]
[Result "1-0"]
[WhiteElo "2292"]
[BlackElo "2431"]
[PlyCount "71"]
[EventDate "2005.01.28"]
[EventType "swiss"]
[EventRounds "9"]
[EventCountry "SLO"]
[Source "lmi"]
[SourceDate "2005.02.03"]

1. e4 c6 2. d4 d5 3. Nd2 dxe4 4. Nxe4 Bf5 5. Ng3 Bg6 6. h4 h6 7. Nf3 Nf6 8. Ne5
Bh7 9. Bc4 e6 10. Qe2 Nd5 11. c3 Nd7 12. Nh5 Nxe5 13. dxe5 Nb6 14. Bb3 Qd3 15.
Rh3 Qxe2+ 16. Kxe2 Nd7 17. Rg3 O-O-O 18. Nxg7 Nxe5 19. Be3 Bg6 20. h5 Bd3+ 21.
Ke1 Ba6 22. Bd4 Rxd4 23. cxd4 Nd3+ 24. Kd2 Nxf2 25. Ke3 Bd6 26. Rf3 Ng4+ 27.
Kd2 Bb4+ 28. Kc2 Kb8 29. a3 Ba5 30. Rxf7 Ne3+ 31. Kb1 Nxg2 32. Ka2 Ne3 33. Nxe6
Bb6 34. Nc5 Bxc5 35. dxc5 Nc4 36. Raf1 1-0

[Event "10. HIT Open 2005 - A"]
[Site "Nova Gorica SLO"]
[Date "2005.02.03"]
[Round "9.20"]
[White "Srebrnic, Vojko"]
[Black "Krivec, Jana"]
[Result "1/2-1/2"]
[WhiteElo "2240"]
[BlackElo "2284"]
[PlyCount "82"]
[EventDate "2005.01.28"]
[EventType "swiss"]
[EventRounds "9"]
[EventCountry "SLO"]
[Source "lmi"]
[SourceDate "2005.02.03"]

1. e4 e5 2. Nc3 Nf6 3. Bc4 Nc6 4. d3 Bb4 5. Bg5 h6 6. Bxf6 Bxc3+ 7. bxc3 Qxf6
8. Ne2 d6 9. Bb5 O-O 10. Bxc6 bxc6 11. O-O d5 12. f3 Qd6 13. Qd2 f5 14. exf5
Bxf5 15. Ng3 Bg6 16. Qe3 Rfe8 17. Rab1 Qa3 18. Rb3 Qxa2 19. Qc1 Qa5 20. Qa3
Qxa3 21. Rxa3 a5 22. Re1 Kf7 23. Kf2 Kf6 24. Ke3 Reb8 25. Kd2 h5 26. h4 Rb5 27.
Rea1 Bf7 28. Ne2 g5 29. hxg5+ Kxg5 30. Ra4 Kf6 31. g3 c5 32. c4 dxc4 33. dxc4
Rb4 34. Rxa5 Rd8+ 35. Ke3 Rxc4 36. c3 Bg6 37. R1a4 Rd3+ 38. Kf2 Rxa4 39. Rxa4
Bf7 40. Ra5 c4 41. g4 Bd5 1/2-1/2